<?xml version="1.0" encoding="UTF-8"?><?xml-stylesheet type="text/xsl" href="static/style.xsl"?><OAI-PMH xmlns="http://www.openarchives.org/OAI/2.0/" xmlns:xsi="http://www.w3.org/2001/XMLSchema-instance" xsi:schemaLocation="http://www.openarchives.org/OAI/2.0/ http://www.openarchives.org/OAI/2.0/OAI-PMH.xsd"><responseDate>2026-04-18T21:38:43Z</responseDate><request verb="GetRecord" identifier="oai:riubu.ubu.es:10259/8326" metadataPrefix="marc">https://riubu.ubu.es/oai/request</request><GetRecord><record><header><identifier>oai:riubu.ubu.es:10259/8326</identifier><datestamp>2024-01-23T01:05:39Z</datestamp><setSpec>com_10259.4_2500</setSpec><setSpec>com_10259.4_2477</setSpec><setSpec>com_10259.4_106</setSpec><setSpec>com_10259_2604</setSpec><setSpec>col_10259_8318</setSpec></header><metadata><record xmlns="http://www.loc.gov/MARC21/slim" xmlns:doc="http://www.lyncode.com/xoai" xmlns:xsi="http://www.w3.org/2001/XMLSchema-instance" xmlns:dcterms="http://purl.org/dc/terms/" xsi:schemaLocation="http://www.loc.gov/MARC21/slim http://www.loc.gov/standards/marcxml/schema/MARC21slim.xsd">
<leader>00925njm 22002777a 4500</leader>
<datafield tag="042" ind1=" " ind2=" ">
<subfield code="a">dc</subfield>
</datafield>
<datafield tag="720" ind1=" " ind2=" ">
<subfield code="a">Sánchez Simón, Margarita</subfield>
<subfield code="e">author</subfield>
</datafield>
<datafield tag="720" ind1=" " ind2=" ">
<subfield code="a">Jorge Villar, Susana E.</subfield>
<subfield code="e">author</subfield>
</datafield>
<datafield tag="260" ind1=" " ind2=" ">
<subfield code="c">2020</subfield>
</datafield>
<datafield tag="520" ind1=" " ind2=" ">
<subfield code="a">Con el objetivo de profundizar en el estudio de las pinturas murales del singular salón de planta octogonal que&#xd;
aparece en la villa romana de Almenara de Adaja-Puras (Valladolid, España) hemos recurrido a la técnica de&#xd;
espectroscopía Raman. Se han realizado 521 análisis a 50 muestras extraídas de 5 paneles representativos de la&#xd;
decoración de la zona media y superior de la pared.&#xd;
Los colores estudiados han sido amarillo, azul, blanco, beige, negro, gris, rojo, rosa y verde. Para cada uno de&#xd;
ellos se ha podido determinar cuáles fueron los compuestos utilizados en su fabricación, así como las mezclas&#xd;
utilizadas tanto para oscurecer o para aclarar el tono, o también para conseguir una mayor gama cromática.</subfield>
</datafield>
<datafield tag="520" ind1=" " ind2=" ">
<subfield code="a">With the aim of deepening the study of wall-painting belonging to a singular octagonal-shape lounge, from the&#xd;
Roman villa of Almenara de Adaja-Puras (Valladolid, Spain), we have used the Raman spectroscopy technique.&#xd;
521 analyzes were performed on 50 samples taken from 5 panels representative of the decoration of the middle&#xd;
and upper part of the wall.&#xd;
The colours studied have been yellow, blue, white, beige, black, gray, red, pink and green. For each of them it&#xd;
has been possible to determine which were the compounds used in their manufacture as well as the mixtures&#xd;
used both to darken or to lighten the tone, or also to achieve a greater chromatic range.</subfield>
</datafield>
<datafield tag="024" ind2=" " ind1="8">
<subfield code="a">978-84-17865-72-6</subfield>
</datafield>
<datafield tag="024" ind2=" " ind1="8">
<subfield code="a">http://hdl.handle.net/10259/8326</subfield>
</datafield>
<datafield ind1=" " ind2=" " tag="653">
<subfield code="a">Villa romana</subfield>
</datafield>
<datafield ind1=" " ind2=" " tag="653">
<subfield code="a">Pintura mural</subfield>
</datafield>
<datafield ind1=" " ind2=" " tag="653">
<subfield code="a">Pigmentos</subfield>
</datafield>
<datafield ind1=" " ind2=" " tag="653">
<subfield code="a">Espectroscopía Raman</subfield>
</datafield>
<datafield ind1=" " ind2=" " tag="653">
<subfield code="a">Colores</subfield>
</datafield>
<datafield ind1=" " ind2=" " tag="653">
<subfield code="a">Roman villa</subfield>
</datafield>
<datafield ind1=" " ind2=" " tag="653">
<subfield code="a">Roman wall painting</subfield>
</datafield>
<datafield ind1=" " ind2=" " tag="653">
<subfield code="a">Pigments</subfield>
</datafield>
<datafield ind1=" " ind2=" " tag="653">
<subfield code="a">Raman spectroscopy</subfield>
</datafield>
<datafield ind1=" " ind2=" " tag="653">
<subfield code="a">Colours</subfield>
</datafield>
<datafield tag="245" ind1="0" ind2="0">
<subfield code="a">Las pinturas murales de la villa romana de Almenara de Adaja-Puras (Valladolid, España): estudio mediante espectroscopía Raman de muestras de pigmentos procedentes del salón con el mosaico de Pegaso</subfield>
</datafield>
</record></metadata></record></GetRecord></OAI-PMH>